[Event "WchT Seniors 65"]
[Site "Vilnius"]
[Date "2014.07.14"]
[Round "2.4"]
[White "Sakovich, Igor"]
[Black "Bhend, Edwin"]
[Result "1/2-1/2"]
[WhiteElo "2181"]
[BlackElo "2189"]
[PlyCount "38"]
[EventDate "2014.07.13"]
[EventType "team-swiss"]
[EventRounds "9"]
[EventCountry "LTU"]
[SourceTitle "CBM 161 Extra"]
[Source "ChessBase"]
[SourceDate "2014.08.29"]
[SourceVersion "1"]
[SourceVersionDate "2014.08.29"]
[SourceQuality "1"]
[WhiteTeam "Latvia"]
[BlackTeam "Switzerland"]
[WhiteTeamCountry "LAT"]
[BlackTeamCountry "SUI"]

1. d4 d5 2. c4 Nc6 3. Nc3 dxc4 4. Nf3 Nf6 5. Bg5 a6 6. d5 Na7 7. e4 Nb5 8. Bxf6 exf6 9. Bxc4 Nxc3 10. bxc3 Bd6 11. Nd4 0-0 12. 0-0 Re8 13. Re1 Bd7 14. Rb1 Rb8 15. Bf1 g6 16. g3 Bf8 17. Qc2 Qe7 18. Qd3 Qc5 19. Nb3 Qa3 1/2-1/2